[Event "AUTO-MASTER-970"]
[Site "http://www.queenalice.com/game.php?id=690706"]
[Date "2009.11.30"]
[Round "1"]
[White "jsm"]
[Black "nenem"]
[Result "1-0"]
[WhiteElo "2139"]
[BlackElo "1987"]

1. e4 c5 2. Nf3 Nc6 3. d4 cxd4 4. Nxd4 Nxd4 5. Qxd4 Nf6 6. c4 d6 7. Nc3 Bd7 8.
Be2 g6 9. O-O Bg7 10. Qd3 O-O 11. f4 Bg4 12. Be3 Bxe2 13. Qxe2 h5 14. h3 Qd7 15.
Rad1 b6 16. f5 Nh7 17. Nb5 a6 18. Nc3 b5 19. fxg6 fxg6 20. Kh1 Rxf1+ 21. Rxf1
Rf8 22. cxb5 Bxc3 23. bxc3 Rxf1+ 24. Qxf1 Qxb5 25. c4 Qb2 26. c5 dxc5 27. Qc4+
Kf8 28. Bh6+ Ke8 29. Qg8+ Kd7 30. Qxh7 Qa1+ 31. Kh2 Qe5+ 32. Kh1 Qa1+ 33. Kh2
Qe5+ 34. Kg1 Qa1+ 35. Kf2 Qf6+ 36. Kg3 Qc3+ 37. Kf2 Qc2+ 38. Kf3 Qd3+ 39. Be3
Qf1+ 40. Kg3 Qe1+ 41. Bf2 Qxe4 42. Kh2 c4 43. Qg7 Qf4+ 44. Bg3 Qe4 45. Qb2 h4
46. Be5 Ke6 47. Bd4 Kd5 48. Bg1 Qe5+ 49. Qxe5+ Kxe5 50. g3 Ke4 51. Bc5 c3 52.
Bxe7 c2 53. Bg5 hxg3+ 54. Kxg3 Kd3 55. Kf3 Kc3 56. Bc1 Kd3 57. h4 a5 58. Kg4 Ke2
59. Kg5 Kd1 60. Ba3 c1=B+ 61. Bxc1 Kxc1 62. Kxg6 Kb2 63. h5 Kxa2 64. h6 a4 65.
h7 a3 66. h8=Q Kb1 67. Qb8+ Ka1 68. Qe5+ Kb1 69. Qb5+ Ka1 70. Qf1+ Kb2 71. Qf6+
Kb1 72. Qf1+ Kb2 73. Qe2+ Kb1 74. Qd1+ Kb2 75. Qd2+ Kb1 76. Qb4+ Ka2 77. Kf5 Ka1
78. Qc3+ Ka2 79. Ke4 Kb1 80. Qxa3 Kc2 81. Kd4 Kb1 82. Qh3 1-0

[Event "AUTO-MASTER-970"]
[Site "http://www.queenalice.com/game.php?id=690721"]
[Date "2009.11.30"]
[Round "1"]
[White "jsm"]
[Black "Catalin"]
[Result "0-1"]
[WhiteElo "2162"]
[BlackElo "2232"]

1. e4 e5 2. Nf3 Nc6 3. Bb5 a6 4. Ba4 Nf6 5. O-O Nxe4 6. Re1 Nf6 7. Nxe5 Be7 8.
Qe2 Nxe5 9. Qxe5 b5 10. Bb3 d6 11. Qe2 c5 12. c4 bxc4 13. Bxc4 d5 14. Bb3 Ra7
15. Nc3 O-O 16. d3 d4 17. Ne4 Nxe4 18. Qxe4 Bd6 19. Bd2 Re7 20. Qf3 Rfe8 21.
Rxe7 Qxe7 22. Bd5 g6 23. g3 Bf5 24. Bc6 Rb8 25. b3 Qc7 26. Rc1 Bxd3 27. Qxd3
Qxc6 28. Qxd4 Re8 29. Qd3 Be7 30. Bc3 Qb5 31. Qd2 Bf8 32. Qg5 Qb6 33. Rd1 Re2
34. Rd8 c4 35. Bd4 Qc6 36. Kf1 Re6 37. Be3 cxb3 38. axb3 Rd6 39. Rxd6 Qxd6 40.
Ke2 Qe6 41. Qa5 Qh3 42. Qxa6 Qxh2 43. Qb5 Qh1 44. b4 Qe4 45. Qb8 Qc4+ 46. Kf3
Qxb4 47. Qe5 Bg7 48. Qe8+ Qf8 49. Qc6 h5 50. Bc5 Qd8 51. Ke4 Qd1 52. Qb6 f5+ 53.
Kf4 Qe2 54. Be3 Qg4# 0-1

[Event "AUTO-MASTER-970"]
[Site "http://www.queenalice.com/game.php?id=690722"]
[Date "2009.11.30"]
[Round "1"]
[White "Catalin"]
[Black "jsm"]
[Result "1/2-1/2"]
[WhiteElo "2242"]
[BlackElo "2119"]

1. e4 e6 2. d4 d5 3. Nc3 c6 4. exd5 exd5 5. Bd3 Nf6 6. Qe2+ Be7 7. Nf3 O-O 8.
O-O Bg4 9. Bg5 Nbd7 10. a3 Re8 11. Rfe1 Bd6 12. Qxe8+ Qxe8 13. Rxe8+ Rxe8 14.
Nh4 h6 15. Be3 g5 16. Nf5 Bxf5 17. Bxf5 a5 18. h4 Bf4 19. Bxf4 gxf4 20. Kf1 Kf8
21. Ne2 f3 22. gxf3 Nb6 23. Bd3 Nh5 24. Re1 Ng7 25. c3 Ne6 26. b3 Kg7 27. Ng3
Rh8 28. Nf5+ Kf6 29. Nd6 Rb8 30. Re5 Ng7 31. a4 Nd7 32. Re2 Nf8 33. c4 Nfe6 34.
cxd5 cxd5 35. Re5 Nf4 36. Bb5 b6 37. Re1 Nge6 38. Ne8+ Ke7 39. Ng7 Kf6 40. Ne8+
Ke7 41. Ng7 Kf6 42. Ne8+ 1/2-1/2

[Event "AUTO-MASTER-970"]
[Site "http://www.queenalice.com/game.php?id=690723"]
[Date "2009.11.30"]
[Round "1"]
[White "jsm"]
[Black "Rutty"]
[Result "1-0"]
[WhiteElo "2106"]
[BlackElo "2009"]

1. e4 c5 2. Nf3 Nc6 3. d4 cxd4 4. Nxd4 e6 5. Nc3 Bb4 6. Be3 Nf6 7. f3 Bxc3+ 8.
bxc3 h6 9. Qd2 d5 10. Bb5 O-O 11. Bxc6 bxc6 12. e5 Nd7 13. f4 c5 14. Nb5 Ba6 15.
a4 Rc8 16. Nxa7 Rc7 17. Nb5 Bxb5 18. axb5 Nb6 19. Qf2 Qe7 20. O-O Nc4 21. Rfb1
Rb8 22. Ra6 Nxe3 23. Qxe3 Rcb7 24. b6 Qf8 25. Kf2 Qc8 26. Qd3 Kf8 27. Qb5 f6 28.
Ra7 Ke7 29. Rba1 fxe5 30. Rxb7+ Rxb7 31. Ra7 Kd6 32. Qa6 Kc6 33. Qa4+ Kd6 34.
fxe5+ Kxe5 35. Rxb7 1-0

[Event "AUTO-MASTER-970"]
[Site "http://www.queenalice.com/game.php?id=690724"]
[Date "2009.11.30"]
[Round "1"]
[White "Rutty"]
[Black "jsm"]
[Result "1/2-1/2"]
[WhiteElo "2014"]
[BlackElo "2071"]

1. e4 e6 2. Nf3 d5 3. exd5 exd5 4. d4 Nf6 5. Bd3 Be7 6. h3 O-O 7. O-O c5 8. dxc5
Bxc5 9. Bg5 Nbd7 10. Nc3 Qc7 11. Qd2 a6 12. a3 b5 13. Rad1 Bb7 14. Rfe1 h6 15.
Bf4 Qb6 16. Re2 Rfe8 17. Rde1 Rxe2 18. Rxe2 Re8 19. Rxe8+ Nxe8 20. Ne5 Ndf6 21.
Kf1 Nd6 22. Ng4 Nxg4 23. hxg4 Ne4 24. Bxe4 dxe4 25. g5 hxg5 26. Bxg5 f6 27. Be3
Bxe3 28. Qxe3 Qxe3 29. fxe3 Kf7 30. Kf2 Ke6 31. g4 Kd6 32. b4 Bc8 33. Nxe4+ Kd5
34. Nd2 Bxg4 35. Kg3 Bd1 36. c3 Bc2 37. Kf4 g5+ 38. Kg4 Ke6 39. c4 bxc4 40. Nxc4
Bd3 41. Nb2 Be2+ 42. Kg3 Kd5 43. a4 Ke4 44. Kf2 Bg4 45. b5 axb5 46. axb5 Kd5 47.
b6 Kc6 48. Nc4 Be6 49. b7 Kxb7 50. Nd6+ Kc6 51. Ne4 Kd5 52. Nxf6+ Ke5 53. Nh5
1/2-1/2

[Event "AUTO-MASTER-865"]
[Site "http://www.queenalice.com/game.php?id=719484"]
[Date "2010.1.24"]
[Round "2"]
[White "Mago_negro"]
[Black "jsm"]
[Result "0-1"]
[WhiteElo "1913"]
[BlackElo "2140"]

1. e4 c5 2. Nf3 Nc6 3. d4 cxd4 4. Nxd4 e5 5. Nf3 d6 6. Bb5 Bd7 7. Nc3 a6 8. Bc4
h6 9. h3 Nf6 10. Be3 b5 11. Bb3 Be7 12. Qd2 Qc7 13. Rd1 Rc8 14. Nd5 Nxd5 15.
exd5 Na5 16. Nxe5 Nxb3 17. cxb3 dxe5 18. d6 Bxd6 19. Qxd6 Qxd6 20. Rxd6 Ke7 21.
Rxa6 Rc2 22. O-O Rhc8 23. Ra7 Ke6 24. Rd1 Be8 25. b4 Rxb2 26. Bc5 h5 27. Rd6+
Kf5 28. f3 Kf4 29. Ra3 Kg3 0-1

[Event "AUTO-MASTER-865"]
[Site "http://www.queenalice.com/game.php?id=719485"]
[Date "2010.1.24"]
[Round "2"]
[White "jsm"]
[Black "Mago_negro"]
[Result "1-0"]
[WhiteElo "2134"]
[BlackElo "1920"]

1. e4 Nf6 2. e5 Nd5 3. c4 Nb6 4. d4 d6 5. exd6 cxd6 6. Nf3 g6 7. Nc3 Bg4 8. h3
Bxf3 9. Qxf3 Nc6 10. c5 Nxd4 11. Bb5+ Nd7 12. Qd3 Bg7 13. cxd6 O-O 14. dxe7
Qxe7+ 15. Be3 Nc5 16. Qd1 Rad8 17. Qb1 a6 18. Be2 Nxe2 19. Kxe2 f5 20. Kf1 Nd3
21. a3 Qe6 22. Kg1 f4 23. Ba7 b6 24. Na4 b5 25. Nc5 Qe2 26. Nxd3 Rxd3 27. Qa2+
Kh8 28. Kh2 Qxb2 29. Qe6 Rxa3 30. Rae1 1-0

[Event "AUTO-MASTER-865"]
[Site "http://www.queenalice.com/game.php?id=719488"]
[Date "2010.1.24"]
[Round "2"]
[White "jsm"]
[Black "thw"]
[Result "1-0"]
[WhiteElo "2069"]
[BlackElo "1920"]

1. d4 e6 2. c4 d5 3. Nf3 Nf6 4. Nc3 Bb4 5. a3 Bxc3+ 6. bxc3 dxc4 7. Qa4+ Nc6 8.
Bg5 h6 9. Bxf6 Qxf6 10. Ne5 Bd7 11. Nxd7 Kxd7 12. g3 a6 13. Qxc4 Rhd8 14. Bg2 e5
15. O-O exd4 16. cxd4 Kc8 17. e3 Rd6 18. Rfc1 Kd7 19. d5 1-0

[Event "AUTO-MASTER-865"]
[Site "http://www.queenalice.com/game.php?id=719489"]
[Date "2010.1.24"]
[Round "2"]
[White "thw"]
[Black "jsm"]
[Result "0-1"]
[WhiteElo "2015"]
[BlackElo "2104"]

1. e4 c5 2. Nf3 Nc6 3. d4 cxd4 4. Nxd4 e5 5. Nxc6 bxc6 6. Nc3 Bb4 7. Bd2 Nf6 8.
f3 Nh5 9. a3 Bxc3 10. Bxc3 Qh4+ 11. Kd2 O-O 12. Bxe5 Qg5+ 0-1

[Event "AUTO-MASTER-969"]
[Site "http://www.queenalice.com/game.php?id=769111"]
[Date "2010.5.1"]
[Round "2"]
[White "wiking"]
[Black "jsm"]
[Result "1-0"]
[WhiteElo "2129"]
[BlackElo "2151"]

1. b4 Nf6 2. Bb2 e6 3. b5 a6 4. a4 axb5 5. axb5 Rxa1 6. Bxa1 Be7 7. e3 c6 8. Nf3
O-O 9. Nc3 d5 10. Be2 Nbd7 11. O-O e5 12. Bb2 Bd6 13. bxc6 bxc6 14. Qa1 Qc7 15.
Ba3 e4 16. Bxd6 Qxd6 17. Nd4 Ne5 18. h3 g6 19. Qa7 Bd7 20. Rb1 Nc4 21. Bxc4 dxc4
22. Rb7 c5 23. Rb6 Qe5 24. f4 exf3 25. Nxf3 Qg3 26. Ne2 1-0

[Event "AUTO-MASTER-969"]
[Site "http://www.queenalice.com/game.php?id=769112"]
[Date "2010.5.1"]
[Round "2"]
[White "jsm"]
[Black "wiking"]
[Result "1-0"]
[WhiteElo "2145"]
[BlackElo "2091"]

1. e4 e5 2. Nf3 Nc6 3. Bb5 a6 4. Ba4 Nf6 5. O-O Be7 6. c3 d6 7. h3 O-O 8. Re1
Nd7 9. d4 Bf6 10. Be3 b5 11. Bc2 Nb6 12. Nbd2 Bb7 13. Rc1 h6 14. Nf1 exd4 15.
cxd4 Nc4 16. b3 1-0

[Event "AUTO-MASTER-969"]
[Site "http://www.queenalice.com/game.php?id=769115"]
[Date "2010.5.1"]
[Round "2"]
[White "Odie_Spud"]
[Black "jsm"]
[Result "1/2-1/2"]
[WhiteElo "2280"]
[BlackElo "2114"]

1. e4 e6 2. d4 d5 3. e5 c5 4. c3 Nc6 5. Nf3 Qb6 6. a3 Nge7 7. b4 cxd4 8. cxd4
Nf5 9. Bb2 Be7 10. Bd3 Bd7 11. O-O Nfxd4 12. Nxd4 Nxd4 13. Qg4 Nb3 14. Ra2 a5
15. Qxg7 Rf8 16. bxa5 Nxa5 17. Nc3 O-O-O 18. Rc1 Kb8 19. Bxh7 Nc4 20. Rb1 Bc6
21. Ba1 Qa5 22. a4 Bb4 23. Ne2 d4 24. Bxd4 Na3 25. Rc1 Qxa4 26. h4 Be7 27. h5
Rxd4 28. Nxd4 Qxd4 29. h6 Qd5 30. Raa1 Nc4 31. Re1 Nd2 32. Rec1 Nb3 33. Rd1 Nxa1
34. Rxd5 Bxd5 35. Bg6 fxg6 36. Qxe7 Rc8 37. h7 Nc2 38. Qg7 Nd4 39. h8=Q Rxh8 40.
Qxh8+ Kc7 41. Qg7+ Kc6 42. Qxg6 b5 43. Qb1 Kc5 44. Kf1 b4 45. g4 b3 46. f4
1/2-1/2

[Event "AUTO-MASTER-969"]
[Site "http://www.queenalice.com/game.php?id=769119"]
[Date "2010.5.1"]
[Round "2"]
[White "jsm"]
[Black "arvo1938"]
[Result "0-1"]
[WhiteElo "2131"]
[BlackElo "2293"]

1. d4 Nf6 2. c4 g6 3. Nf3 d5 4. Nc3 Bg7 5. e3 O-O 6. Bd3 c5 7. cxd5 cxd4 8. exd4
Nxd5 9. O-O Nc6 10. Be3 Be6 11. a3 Rc8 12. Rc1 Na5 13. Nxd5 Bxd5 14. Rxc8 Qxc8
15. b4 Nb3 16. Qe2 Rd8 17. h3 Bxf3 18. Qxf3 Nxd4 19. Qe4 Qd7 20. Bc4 b5 21. Ba2
Ne2+ 22. Kh1 Nc3 23. Qc2 Nxa2 24. Qxa2 a6 25. Rc1 Be5 26. Qc2 Qd3 27. Qxd3 Rxd3
28. Bh6 f6 29. f4 Bd6 30. Ra1 Kf7 31. h4 e5 32. fxe5 Bxe5 33. Rc1 Rxa3 34. Rb1
Ra1 35. Rxa1 Bxa1 36. Bd2 Ke6 37. Kh2 Be5+ 38. g3 Kf5 39. Kg2 Kg4 40. Be1 h5 41.
Bf2 f5 0-1

[Event "AUTO-MASTER-969"]
[Site "http://www.queenalice.com/game.php?id=769120"]
[Date "2010.5.1"]
[Round "2"]
[White "arvo1938"]
[Black "jsm"]
[Result "1-0"]
[WhiteElo "2341"]
[BlackElo "2138"]

1. e4 e6 2. d4 d5 3. Nd2 c6 4. Ngf3 Nf6 5. Bd3 Be7 6. O-O dxe4 7. Nxe4 Nxe4 8.
Bxe4 Nd7 9. c3 O-O 10. Bc2 Re8 11. Qd3 g6 12. Bh6 Bf8 13. Bxf8 Rxf8 14. Rfe1 a5
15. Qe3 Qf6 16. Rad1 Nb6 17. Ne5 Nd5 18. Qd2 Qh4 19. Nf3 Qf6 20. c4 Ne7 21. Ne5
a4 22. Qb4 a3 23. bxa3 Rd8 24. a4 Nf5 25. Bxf5 exf5 26. d5 cxd5 27. cxd5 Bd7 28.
Qxb7 Bxa4 29. Rc1 Rab8 30. Qc7 Rbc8 31. Qxc8 Rxc8 32. Rxc8+ Kg7 33. Ra8 Bc2 34.
Ra7 Kh6 35. d6 Be4 36. Rxe4 fxe4 37. Ng4+ 1-0

[Event "AUTO-MASTER-965"]
[Site "http://www.queenalice.com/game.php?id=773637"]
[Date "2010.5.10"]
[Round "2"]
[White "jsm"]
[Black "hjs"]
[Result "0-1"]
[WhiteElo "2124"]
[BlackElo "2414"]

1. e4 e6 2. d4 d5 3. exd5 exd5 4. c4 Nf6 5. Nc3 Be7 6. Nf3 O-O 7. Bd3 dxc4 8.
Bxc4 Bg4 9. O-O Nbd7 10. Be3 Nb6 11. Be2 Nfd5 12. Qb3 c6 13. Ne5 Bxe2 14. Nxe2
Bd6 15. Nc4 Nxc4 16. Qxc4 Qc7 17. Ng3 h5 18. Rfe1 h4 19. Nf1 h3 20. gxh3 Qd7 21.
Kg2 Rae8 22. Ng3 f5 23. Bd2 f4 24. Rxe8 Rxe8 25. Nf1 f3+ 26. Kxf3 Qxh3+ 27. Ng3
Rf8+ 28. Ke2 Qe6+ 29. Kd3 Bxg3 0-1

[Event "AUTO-MASTER-965"]
[Site "http://www.queenalice.com/game.php?id=773638"]
[Date "2010.5.10"]
[Round "2"]
[White "hjs"]
[Black "jsm"]
[Result "1-0"]
[WhiteElo "2405"]
[BlackElo "2155"]

1. e4 c5 2. Nf3 Nc6 3. d4 cxd4 4. Nxd4 Nf6 5. Nc3 a6 6. Nxc6 bxc6 7. e5 Ng8 8.
Bc4 d5 9. exd6 exd6 10. Qf3 Qe7+ 11. Be3 d5 12. Nxd5 cxd5 13. Bxd5 Rb8 14. Bc6+
Bd7 15. O-O-O Rd8 16. Rhe1 1-0

[Event "AUTO-MASTER-965"]
[Site "http://www.queenalice.com/game.php?id=773639"]
[Date "2010.5.10"]
[Round "2"]
[White "jsm"]
[Black "BEBADO"]
[Result "0-1"]
[WhiteElo "2146"]
[BlackElo "2159"]

1. Nf3 Nf6 2. g3 g6 3. Bg2 Bg7 4. O-O O-O 5. d4 d6 6. c4 Nc6 7. Nc3 a6 8. e4 Bg4
9. h3 Bxf3 10. Bxf3 e5 11. d5 Nd4 12. Bg2 Nd7 13. Be3 c5 14. dxc6 bxc6 15. Qd2
Rb8 16. Rac1 Qb6 17. b3 Nc5 18. Kh2 a5 19. Ne2 Qb4 20. Nxd4 exd4 21. Bh6 Rfe8
22. Rce1 Rb6 23. Qg5 f6 24. Qh4 a4 25. Bxg7 Kxg7 26. f4 Rf8 27. e5 dxe5 28. fxe5
f5 29. e6 Re8 30. Qxd4+ Kg8 31. e7 axb3 32. Bxc6 Rxc6 33. Qd5+ Re6 34. Rxe6 Nxe6
35. Qxe6+ Kg7 36. Qe5+ Kf7 37. Qd5+ Kg7 38. axb3 Qxb3 39. Re1 Qc3 40. Re2 Kf6
41. c5 Qc1 42. c6 Qf1 43. Qe5+ Kf7 44. c7 Qc1 0-1

[Event "AUTO-MASTER-965"]
[Site "http://www.queenalice.com/game.php?id=773640"]
[Date "2010.5.10"]
[Round "2"]
[White "BEBADO"]
[Black "jsm"]
[Result "1-0"]
[WhiteElo "2163"]
[BlackElo "2142"]

1. e4 c5 2. Nf3 Nc6 3. d4 cxd4 4. Nxd4 a6 5. c4 Nf6 6. Nc3 d6 7. Be2 e6 8. O-O
Be7 9. Be3 Qc7 10. Rc1 Bd7 11. Nd5 Qd8 12. Nxc6 Bxc6 13. Bb6 Qc8 14. Nc7+ Kf8
15. Nxa8 Qxa8 16. f3 Nd7 17. Be3 f6 18. b4 Ne5 19. b5 axb5 20. cxb5 Bd7 21. Qb3
Bd8 22. f4 Nf7 23. Bc4 Ke7 24. f5 Ne5 25. Bxe6 Re8 26. Bd4 Qa5 27. Bxe5 fxe5 28.
Bxd7 Kxd7 29. Kh1 Qb6 30. Qc4 Ke7 31. f6+ gxf6 32. Rxf6 Kxf6 33. Rf1+ 1-0

[Event "Be0wulf"]
[Site "http://www.queenalice.com/game.php?id=794357"]
[Date "2010.6.24"]
[Round "5"]
[White "razoman"]
[Black "jsm"]
[Result "0-1"]
[WhiteElo "1957"]
[BlackElo "2132"]

1. d4 d5 2. g3 Nf6 3. Bg2 g6 4. c4 c6 5. Bg5 Bg7 6. Nf3 O-O 7. O-O h6 8. Bxf6
Bxf6 9. c5 Nd7 10. Nc3 e5 11. dxe5 Nxe5 12. Nxe5 Bxe5 13. Qd2 Kh7 14. Rac1 f5
15. e3 Be6 16. Ne2 Bg7 17. Nf4 Bf7 18. Ne2 Qf6 19. Nd4 Rae8 20. Qa5 a6 21. Qb6
Re7 22. Rc2 Rfe8 23. Rfc1 g5 24. Rc3 h5 25. Rb3 h4 26. Qa7 f4 27. Rxb7 Rxb7 28.
Qxb7 fxe3 29. fxe3 Rxe3 30. Nxc6 Qxb2 31. Qxb2 Bxb2 32. Rf1 Kg6 33. gxh4 gxh4
34. Kf2 d4 35. a4 Bc4 36. Re1 Rxe1 37. Kxe1 Bc3+ 38. Kf2 Kf6 39. Be4 Ke6 40. Kf3
d3 41. Bxd3 Bxd3 42. Nb8 Bd4 43. c6 Kd6 44. Kg4 Kc7 45. Nxa6+ Bxa6 46. Kxh4 Kxc6
47. Kg5 Bd3 48. h4 Kb6 49. h5 Ka5 50. h6 Kxa4 0-1